02023 a2200241 45000010006000000050017000060080041000230030015000640400040000790800073001192450051001920200022002432640039002653000019003045051149003239420007014725900036014791000017015157000030015328560099015629990015016619520105016764773620260407155743.0260407a2011 arg spa dAR-UNSa-BCEJYS aAR-UNSa-BCEJYSbspacAR-UNSa-BCEJYS a510xConsideraciones fundamentales y generales de las matemáticas 10a50 cosas que hay que saber sobre matemáticas a978-987-1496-09-9 1aBarcelona :bEdiciones Arielc2011 a218 p.c23 cm. a1. El cero - 2. Sistemas numéricos - 3. Fracciones - 4. Cuadrados y raíces cuadradas - 5. π - 6. e - 7. El infinito - 8. Números imaginarios - 9. Primos - 10. Números perfectos - 11. Números de Fibonacci - 12. Rectángulos áureos - 13. El triángulo de Pascal 14. El álgebra - 15. El algoritmo de Euclides - 16. La lógica - 17. La demostración - 18. Conjuntos - 19. El cálculo infinitesimal - 20. Construcciones - 21. Triángulos - 22. Curvas - 23. La topología - 24. La dimensión - 25.Fractales - 26. El caos - 27. El postulado de las paralelas - 28. La geometría discreta - 29. Gráficas - 30. El problema de los cuatro colores - 31. La probabilidad - 32. La teoría de Bayes - 33. El problema del cumpleaños - 34. Distribuciones - 35. La curva normal - 36. Conexión de datos - 37. Genética - 38. Grupos - 39. Matrices - 40. Códigos - 41. Conteo avanzado - 42. Cuadrados mágicos - 43. Cuadrados latinos - 44. Matemáticas económicas - 45. El problema de la dieta - 46. El viajante - 47. Teoría de juegos - 48. La relatividad - 49. El último teorema de Fermat - 50. La hipótesis de Riemann -  cBK aniveau_biblio:m niveau_hierar:01 aCrilly, Tony1 aHerrando Pérez, Enrique41uhttps://www.biblioeco.unsa.edu.ar/pmb/images/libros/L127653.jpgyImagen de portadaqimage/jpeg c4449d4449 00104070aBCEJYSbBCEJYSc16d2026-04-07l0o510 C929pL127653r2026-04-07 15:57:43w2026-04-07yL